000 00552nam a2200181Ia 4500
003 IN-BaIIA
008 211028s9999 xx 000 0 eng d
020 _a0-949809-01-2
040 _cIIA Library
080 _a(03):61
_bKNI-1
100 _aKnight, John F.
_914036
245 0 _aFamily medical care
_bvol. 1, Creative pt.nership
_cJohn F. Knight
260 _aDelhi
_bNational Home and Health Service
_c1984
300 _a183p.
650 _aMedical Health
_914037
650 _aNASA Thesaurus
942 _cBK
999 _c8370
_d8370